[Event "DEN-chT 1213"]
[Site "Denmark"]
[Date "2013.02.17"]
[Round "7.1"]
[White "Hector, Jonny"]
[Black "Hansen, Mads Smith"]
[Result "1-0"]
[WhiteElo "2539"]
[BlackElo "2364"]
[PlyCount "83"]
[EventDate "2012.10.27"]
[EventType "team-tourn"]
[EventRounds "9"]
[EventCountry "DEN"]
[SourceTitle "EXT 2014"]
[Source "ChessBase"]
[SourceDate "2013.11.20"]
[SourceVersion "1"]
[SourceVersionDate "2013.11.20"]
[SourceQuality "1"]
[WhiteTeam "Nordkalotten"]
[BlackTeam "Obro"]
[WhiteTeamCountry "DEN"]
[BlackTeamCountry "DEN"]

1. e4 d5 2. exd5 Nf6 3. d4 Bg4 4. Ne2 Nxd5 5. c4 Nb6 6. Nbc3 e5 7. h3 Bh5 8. c5 N6d7 9. Be3 exd4 10. Qxd4 Bg6 11. 0-0-0 Nc6 12. Qg4 Nde5 13. Qg3 Nd3+ 14. Rxd3 Bxd3 15. Nf4 Bg6 16. Bb5 Be7 17. Rd1 Qc8 18. Ncd5 Bd8 19. h4 0-0 20. h5 Be4 21. f3 Bxd5 22. Rxd5 Bf6 23. h6 g6 24. Bd2 Qe8 25. Nh5 Bh8 26. Qxc7 Qe6 27. Nf4 Qc8 28. Rd7 Ne5 29. Nd5 Re8 30. Ne7+ Rxe7 31. Rxe7 Qf5 32. Qxb7 Rd8 33. Qe4 Qf6 34. Re8+ Rxe8 35. Bxe8 Qe7 36. Ba4 Qxc5+ 37. Kb1 Nc4 38. Bc1 Qc8 39. Bb3 Nd6 40. Qe7 Qf8 41. Qxa7 Be5 42. Qc5 1-0

[Event "DEN-chT 1213"]
[Site "Denmark"]
[Date "2013.01.13"]
[Round "5.1"]
[White "Hillarp Persson, Tiger"]
[Black "Hansen, Mads Smith"]
[Result "1-0"]
[WhiteElo "2556"]
[BlackElo "2364"]
[PlyCount "71"]
[EventDate "2012.10.27"]
[EventType "team-tourn"]
[EventRounds "9"]
[EventCountry "DEN"]
[SourceTitle "EXT 2014"]
[Source "ChessBase"]
[SourceDate "2013.11.20"]
[SourceVersion "1"]
[SourceVersionDate "2013.11.20"]
[SourceQuality "1"]
[WhiteTeam "Bronshoj"]
[BlackTeam "Obro"]
[WhiteTeamCountry "DEN"]
[BlackTeamCountry "DEN"]

1. d4 Nf6 2. c4 d6 3. Nf3 Nbd7 4. Nc3 c6 5. g3 e5 6. Bg2 Be7 7. Qc2 0-0 8. 0-0 Re8 9. Rd1 Bf8 10. d5 c5 11. e4 g6 12. Rf1 Nh5 13. b3 Bg7 14. Bg5 Ndf6 15. Bd2 Re7 16. Ne1 Qf8 17. Nd3 Ne8 18. Rae1 f5 19. f4 exf4 20. Bxf4 Nxf4 21. Nxf4 Bd4+ 22. Kh1 Ng7 23. Nb5 Be5 24. Nd3 a6 25. Nc3 Qe8 26. Nxe5 Rxe5 27. Qf2 Qe7 28. exf5 Bxf5 29. g4 Bxg4 30. Rxe5 dxe5 31. d6 Qxd6 32. Ne4 Qe6 33. Nf6+ Kh8 34. Bd5 Qc8 35. Nxg4 Qxg4 36. Qf8+ 1-0

[Event "DEN-chT 1213"]
[Site "Denmark"]
[Date "2012.12.02"]
[Round "3.1"]
[White "Hagen, Andreas Skytte"]
[Black "Hansen, Mads Smith"]
[Result "1/2-1/2"]
[WhiteElo "2416"]
[BlackElo "2364"]
[PlyCount "81"]
[EventDate "2012.10.27"]
[EventType "team-tourn"]
[EventRounds "9"]
[EventCountry "DEN"]
[SourceTitle "EXT 2023"]
[Source "ChessBase"]
[SourceDate "2022.10.05"]
[SourceVersion "1"]
[SourceVersionDate "2022.10.05"]
[SourceQuality "1"]
[WhiteTeam "Valby K41"]
[BlackTeam "Obro"]
[WhiteTeamCountry "DEN"]
[BlackTeamCountry "DEN"]

1. c4 b6 2. Nc3 Bb7 3. e4 e6 4. Nge2 Nf6 5. d3 c5 6. g3 d5 7. exd5 exd5 8. Bg2 Qd7 9. Nf4 dxc4 10. Qe2+ Be7 11. dxc4 Bxg2 12. Nxg2 Nc6 13. Be3 Nd4 14. Bxd4 cxd4 15. Rd1 Qb7 16. Nd5 Nxd5 17. cxd5 Qxd5 18. 0-0 Rd8 19. Rfe1 Rd7 20. Nf4 Qd6 21. Nd3 0-0 22. Ne5 Rc7 23. Qe4 Bf6 24. Rxd4 Qe7 25. Rd5 Bxe5 26. Rxe5 Qd6 27. Re8 g6 28. h4 h5 29. Qa8 Kg7 30. Rxf8 Qxf8 31. Re8 Rc1+ 32. Kg2 Qc5 33. Rg8+ Kh7 34. Rh8+ Kg7 35. Qg8+ Kf6 36. Qd8+ Kg7 37. Rg8+ Kh7 38. Rh8+ Kg7 39. Qg8+ Kf6 40. Qd8+ Kg7 41. Rg8+ 1/2-1/2